| 000 | 00812nam a2200229 a 4500 | ||
|---|---|---|---|
| 001 | 000004581 | ||
| 005 | 20200929151450.0 | ||
| 008 | 710521s1976 ag b 000 f spa | ||
| 040 |
_aDO-SdBNP _bspa _cBNPHU |
||
| 082 |
_a323.445 _bM662a |
||
| 100 | 1 |
_aMilton, John, _d1608-1674. _912782 |
|
| 245 | 1 | 0 |
_aAreopagítica / _cJohn Milton ; traducción, José Carner. |
| 260 |
_aBuenos Aires : _bFondo de Cultura Económica, _c1976. |
||
| 300 |
_a100 p. ; _c18 cm. |
||
| 490 | 1 |
_aPopular _vno. 157 |
|
| 650 | 4 |
_aLibertad de información _zInglaterra _913370 |
|
| 650 | 4 |
_aLibertad de información _vCOLECCIONES DE ESCRITOS _913371 |
|
| 650 | 4 |
_aCiencia política _vOBRAS ANTERIORES A 1800 _913372 |
|
| 700 | 1 |
_aCarner, José, _etr. _913373 |
|
| 830 | 0 |
_aPopular ; _vno. 157. _913374 |
|
| 910 | _aCatalogación original noche | ||
| 999 |
_c4389 _d4389 |
||